000 02506cam a22003374i 4500
003 PE-LiUPU
005 20260324095536.0
008 1907s2019 pe a rb 000 0 spa d
040 _aPE-LiUPU
_bspa
_cPE-LiUPU
_erda
082 0 4 _a346.0135
_bP471c
_2TP
110 2 _aPerú.
_bDefensoría del Pueblo.
245 1 0 _aCompendio sobre normas básicas de los derechos de los niños, niñas y adolescentes /
_cDefensoría del Pueblo, Adjuntía para la Niñez y Adolescencia.
264 1 _aLima :
_bDefensoría del Pueblo,
_cjulio de 2019.
300 _a392 páginas :
_bilustraciones ;
_c30 cm
336 _atext
_2rdacontent
337 _aunmediated
_2rdamedia
338 _avolume
_2rdacarrier
500 _aPrimera edición. Tiraje de 1000 ejemplares.
504 _aIncluye referencias bibliográficas.
505 0 _aMarco normativo internacional -- Convenciones y protocolos -- Sistema universal de derechos humanos -- Observaciones generales del Comité de los Derechos del Niño -- Sistema interamericano de derechos humanos -- Otros instrumentos internacionales -- Marco normativo nacional -- Constitución política del Perú y códigos -- Principales normas en materia de niñez y adolescencia -- Violencia contra niños, niñas y adolescentes -- Castigo físico y humillante -- Interés superior del niño -- Niñez y adolescencia sin cuidados parentales -- Desaparición y búsqueda de niños, niñas y adolescentes -- Trata de personas -- Inversión en la infancia y adolescencia -- Normas expedidas durante el 2018 y 2019 -- Leyes, decretos legislativos y reglamentos -- Decretos supremos -- Resoluciones ministeriales -- Otras normas -- Principales planes y políticas públicas -- Principales normas en materia de violencia escolar -- Marco normativo internacional sobre violencia escolar -- Observaciones generales del Comité sobre los Derechos del Niño -- Marco normativo nacional sobre violencia escolar -- Otras normas nacionales.
610 1 4 _aPerú.
_bDefensoría del Pueblo.
650 1 4 _aDerechos del niño
_zPerú.
650 2 4 _aProtección de menores
_zPerú.
650 2 4 _aLegislación sobre la infancia
_zPerú.
650 2 4 _aAdolescentes
_xDerechos
_zPerú.
651 2 4 _aPerú
_xPolítica social.
710 2 _aPerú.
_bDefensoría del Pueblo.
_bAdjuntía para la Niñez y Adolescencia.
942 _2ddc
_cBK
980 _618228
_aRebeca Esther Huerta Leyton
_818226
_gJaime Vilcazán Jefe de Análisis Documental
999 _c63343
_d63342